000 00572nam a2200181Ia 4500
008 240729s9999 xx 000 0 und d
022 _a2538-2829
245 0 _aInternational Journal of Nutrition Sciences
260 _aIran, Islamic Republic of
260 _bShiraz University of Medical Sciences
650 _a Internal medicine
650 _a Nutritional diseases. Deficiency diseases
650 _a Specialties of internal medicine
650 _aMedicine
856 _uhttps://doaj.org/toc/6f29b58e0a6f445d9699b3f281ffc84e
942 _2ddc
942 _cDOAJEJ
999 _c67491
_d67491
945 _a1
_bMadushi Gamage
_c1
_dMadushi Gamage